000 00584nam a22001937a 4500
003 OSt
005 20220811120323.0
008 220811b |||||||| |||| 00| 0 eng d
020 _a0375725792
040 _cIFM Library
082 _a332.042
100 _aEpping, Randy C.
_97875
245 _aA Beginner's Guide to the World Economy: Eight One Basic Economic Concepts that Will Change the Way you See the World
260 _aNew York:
_bVintage Booksa.
_c2001
300 _axviii, 232p.:
_bill.; 25cm
500 _aIncludes Index
650 _aEconomy
_97876
942 _cBK
_2ddc
_n0
999 _c12524
_d12524